[Event "Sparkassen-Open J"]
[Site "Heusenstamm, Martinsee"]
[Date "2021.11.21"]
[Round "7.6"]
[White "Inan, Emir"]
[Black "Sensoy, Emir"]
[Result "0-1"]
[WhiteElo "1176"]
[BlackElo "1367"]
[PlyCount "126"]
[EventDate "2021.??.??"]
[WhiteTeam "SV Neu-Isenburg"]
[BlackTeam "MSA Zugzwang"]

1. d4 d5 2. c4 c6 3. Nc3 Nf6 4. Nf3 Bf5 5. Bg5 Nbd7 6. Qb3 Qb6 7. c5 Qxb3 8.
axb3 b6 9. b4 g6 10. e3 Bg7 11. h3 O-O 12. Ne5 h6 13. Bxf6 Nxf6 14. Nxc6 Rfe8
15. Bb5 a6 16. Rxa6 Rxa6 17. Bxa6 bxc5 18. dxc5 Bd7 19. b5 Ra8 20. Bb7 Ra1+ 21.
Nd1 Ne4 22. O-O Nxc5 23. Nxe7+ Kf8 24. Nxd5 Bxb5 25. Re1 Nxb7 26. b4 Ba4 27.
Kh2 Rxd1 28. Re2 Rxd5 29. Ra2 Bb3 30. Ra3 Bc4 31. Ra8+ Ke7 32. e4 Rg5 33. Rc8
Be5+ 34. g3 Bd3 35. f4 Bxf4 36. gxf4 Rb5 37. e5 Rxb4 38. Kg3 Rb3 39. Kf2 Bf5
40. Rc1 Bxh3 41. Kg1 Rb2 42. Rc3 Bf5 43. Rc1 Rb1 44. Rxb1 Bxb1 45. Kf2 h5 46.
Kg3 Ke6 47. Kh4 Kf5 48. Kg3 h4+ 49. Kxh4 Kxf4 50. Kh3 Kxe5 51. Kg4 f5+ 52. Kf3
g5 53. Ke3 g4 54. Kf2 Kf4 55. Kg2 Ke3 56. Kf1 Kf3 57. Kg1 g3 58. Kh1 g2+ 59.
Kg1 f4 60. Kh2 Kf2 61. Kh3 g1=Q 62. Kh4 Qg6 63. Kh3 Qg3# 0-1

[Event "Sparkassen-Open J"]
[Site "Heusenstamm, Martinsee"]
[Date "2021.11.21"]
[Round "7.7"]
[White "Bichert, Iwan"]
[Black "Dorfner, Jeremias"]
[Result "0-1"]
[WhiteElo "1102"]
[BlackElo "1198"]
[PlyCount "52"]
[EventDate "2021.??.??"]
[WhiteTeam "TuS Makkabi Wiesbaden"]
[BlackTeam "TV-Großostheim"]

1. e4 e5 2. Nf3 Nc6 3. c3 Nf6 4. d4 exd4 5. e5 Ng4 6. cxd4 Bb4+ 7. Bd2 Bxd2+ 8.
Nbxd2 O-O 9. h3 Nh6 10. Bd3 d6 11. Ne4 dxe5 12. dxe5 Re8 13. Bb5 Bd7 14. Bxc6
Bxc6 15. Qxd8 Raxd8 16. Ned2 f6 17. O-O-O fxe5 18. Nc4 Bxf3 19. Rxd8 Rxd8 20.
gxf3 Nf7 21. Re1 Ng5 22. Rxe5 Nxh3 23. Re7 Nxf2 24. Rxc7 Nd3+ 25. Kb1 Nb4 26.
Rxb7 Rd1# 0-1

[Event "Sparkassen-Open J"]
[Site "Heusenstamm, Martinsee"]
[Date "2021.11.21"]
[Round "7.8"]
[White "Staat, Christian"]
[Black "Milman, Sophie"]
[Result "1-0"]
[WhiteElo "1096"]
[BlackElo "1202"]
[PlyCount "45"]
[EventDate "2021.??.??"]
[WhiteTeam "VSG Offenbach"]
[BlackTeam "SC Heusenstamm"]

1. d4 d5 2. c4 e6 3. Nc3 Nf6 4. Nf3 c6 5. e3 Be7 6. Bd3 O-O 7. O-O Nbd7 8. Re1
Re8 9. e4 dxe4 10. Nxe4 Nxe4 11. Bxe4 Nf6 12. Bc2 Bb4 13. Bd2 Bxd2 14. Qxd2 Qd6
15. Rad1 Bd7 16. Ne5 Rad8 17. Re3 Re7 18. Rg3 Kh8 19. Qg5 Rg8 20. Rh3 h6 21.
Rxh6+ gxh6 22. Qxh6+ Nh7 23. Qxh7# 1-0

[Event "Sparkassen-Open J"]
[Site "Heusenstamm, Martinsee"]
[Date "2021.11.21"]
[Round "7.9"]
[White "Dubinker, Philipp"]
[Black "Niesel, Sebastian"]
[Result "1-0"]
[WhiteElo "1572"]
[BlackElo "1087"]
[PlyCount "117"]
[EventDate "2021.??.??"]
[WhiteTeam "SK Marburg"]
[BlackTeam "SV Ffm-Griesheim"]

1. e4 e5 2. Nf3 Nc6 3. Bc4 Bc5 4. c3 Nf6 5. d3 h6 6. a4 a6 7. b4 Ba7 8. O-O d6
9. Nbd2 Be6 10. Bxe6 fxe6 11. Nc4 O-O 12. Qe2 Qe8 13. Be3 Qg6 14. b5 Ne7 15. b6
Bxb6 16. Bxb6 cxb6 17. Nxd6 Nc6 18. Nc4 Nd7 19. Rab1 Rf7 20. Kh1 Raf8 21. Nxb6
Nc5 22. Rg1 Rd8 23. Rbd1 Rf6 24. Qe3 Nd7 25. Nxd7 Rxd7 26. Qc5 Qh5 27. Qe3 Na7
28. g4 Qf7 29. Nxe5 Qe7 30. Nxd7 Qxd7 31. Qxa7 Qxa4 32. Rgf1 Qb5 33. c4 Qc6 34.
Rb1 b5 35. cxb5 axb5 36. Qb8+ Kh7 37. Qxb5 Qc2 38. Rb2 Qc8 39. f4 Rg6 40. Rg2
Qd8 41. g5 e5 42. gxh6 Rxh6 43. Qxe5 Rf6 44. Rfg1 Qd7 45. Rxg7+ Qxg7 46. Rxg7+
Kxg7 47. Qxf6+ Kxf6 48. Kg2 Kg6 49. Kg3 Kf6 50. Kg4 Kf7 51. Kf5 Ke7 52. Kg6 Kf8
53. f5 Kg8 54. f6 Kf8 55. e5 Kg8 56. e6 Kf8 57. h4 Kg8 58. e7 Kh8 59. e8=R# 1-0

[Event "Sparkassen-Open J"]
[Site "Heusenstamm, Martinsee"]
[Date "2021.11.21"]
[Round "7.10"]
[White "Yang, Marco"]
[Black "Gossen, Michael"]
[Result "1-0"]
[WhiteElo "1236"]
[BlackElo "1061"]
[PlyCount "77"]
[EventDate "2021.??.??"]
[WhiteTeam "SK Mannheim-Lindenhof"]
[BlackTeam "TuS Makkabi Wiesbaden"]

1. e4 c5 2. Nf3 d6 3. d4 cxd4 4. Nxd4 g6 5. Nc3 Bg7 6. Be3 Nf6 7. f3 O-O 8. Bc4
Nc6 9. Bb3 Bd7 10. Qd2 Rc8 11. O-O-O Nxd4 12. Bxd4 a5 13. h4 b5 14. g4 a4 15.
Bd5 b4 16. Ne2 b3 17. Nc3 bxc2 18. Kxc2 a3 19. b3 Nxd5 20. exd5 Bxd4 21. Qxd4
Qa5 22. h5 Rc7 23. Rd3 Rfc8 24. hxg6 fxg6 25. Rg1 Bb5 26. Re3 Ba6 27. f4 Bb7
28. Rd1 Rc5 29. b4 Qa4+ 30. Kd2 Rxc3 31. Rxc3 Rxc3 32. Kxc3 Bc8 33. Re1 e5 34.
dxe6 Qc6+ 35. Qc4 Qf3+ 36. Kd2 Qf2+ 37. Re2 Ba6 38. e7+ Kg7 39. Qc3+ 1-0

[Event "Sparkassen-Open J"]
[Site "Heusenstamm, Martinsee"]
[Date "2021.11.21"]
[Round "7.11"]
[White "Vinogradov, Ilia"]
[Black "Zargaran, Sepas"]
[Result "0-1"]
[WhiteElo "1177"]
[BlackElo "1038"]
[PlyCount "54"]
[EventDate "2021.??.??"]
[WhiteTeam "SV Walldorf"]
[BlackTeam "VSG Offenbach"]

1. e4 e5 2. Nf3 Nf6 3. Nxe5 Nxe4 4. Qe2 Qe7 5. Qxe4 d6 6. d4 dxe5 7. dxe5 Nc6
8. Bb5 Bd7 9. Nc3 Nxe5 10. O-O O-O-O 11. f4 Bxb5 12. Nxb5 Qc5+ 13. Kh1 Qxb5 14.
Qf5+ Qd7 15. Qxe5 Qd1 16. Be3 Qd6 17. Qc3 a6 18. a3 Qd5 19. b4 Be7 20. a4 Bf6
21. Qa3 Bxa1 22. Rxa1 Rhe8 23. Rc1 Re4 24. b5 Rde8 25. Re1 Rxe3 26. Rxe3 Qd1+
27. Re1 Qxe1# 0-1

[Event "Sparkassen-Open J"]
[Site "Heusenstamm, Martinsee"]
[Date "2021.11.21"]
[Round "7.12"]
[White "Glavev, Danail"]
[Black "Will, Elina"]
[Result "0-1"]
[WhiteElo "929"]
[BlackElo "1224"]
[PlyCount "100"]
[EventDate "2021.??.??"]
[WhiteTeam "SK Bad Homburg"]
[BlackTeam "TuS Makkabi Wiesbaden"]

1. e4 d5 2. exd5 Nf6 3. Nc3 Nxd5 4. Bc4 Be6 5. Bxd5 Bxd5 6. Nf3 Bxf3 7. Qxf3
Nc6 8. d3 e5 9. O-O Bc5 10. Be3 Bb6 11. Qg3 O-O 12. Bxb6 axb6 13. f4 exf4 14.
Rxf4 Qd6 15. Ne4 Qd4+ 16. Kh1 Qxb2 17. Raf1 f5 18. Ng5 Rxa2 19. Qh3 h6 20. Rxf5
Rf6 21. g3 Ra1 22. Ne4 Rxf5 23. Qxf5 Rxf1+ 24. Qxf1 Qxc2 25. Qf5 Ne7 26. Qd7
Kf7 27. Qd4 Qd1+ 28. Kg2 Qe2+ 29. Qf2+ Qxf2+ 30. Kxf2 b5 31. Ke2 Nd5 32. g4 b4
33. h3 Nc3+ 34. Nxc3 bxc3 35. Kd1 b5 36. Kc2 b4 37. Kb3 c5 38. h4 g5 39. h5 Ke6
40. Kc2 Kd5 41. Kb3 Kd4 42. Kc2 Ke3 43. Kc1 Kxd3 44. Kd1 c2+ 45. Kc1 b3 46. Kb2
Kd2 47. Kxb3 c1=Q 48. Ka4 Qb2 49. Ka5 Qb7 50. Ka4 Qb4# 0-1

[Event "Sparkassen-Open J"]
[Site "Heusenstamm, Martinsee"]
[Date "2021.11.21"]
[Round "7.13"]
[White "Steigerwald, Alexander"]
[Black "Claussen, Daniela"]
[Result "1-0"]
[WhiteElo "1017"]
[BlackElo "990"]
[PlyCount "65"]
[EventDate "2021.??.??"]
[WhiteTeam "SC Aschaffenburg"]
[BlackTeam "SF Essen-Werden"]

1. e4 e6 2. Nf3 b6 3. Nc3 Bb7 4. d4 Bb4 5. Bd3 Nf6 6. e5 Ne4 7. Bd2 Bxc3 8.
Bxc3 O-O 9. O-O Ng5 10. Be2 d6 11. Bd2 Ne4 12. Bd3 Nxd2 13. Qxd2 Nd7 14. Rae1
f6 15. exd6 cxd6 16. Rxe6 Bd5 17. Rxd6 Bxa2 18. b3 Qe7 19. Bc4+ Kh8 20. Re6 Qa3
21. Ra1 Rfe8 22. Qe1 Qf8 23. Rxa2 h6 24. Bd5 Rad8 25. Rxa7 f5 26. Rxd7 Rxe6 27.
Qxe6 Rxd7 28. Qxd7 Kh7 29. Nh4 Qb4 30. Qxf5+ Kh8 31. g3 Qxd4 32. Qf8+ Kh7 33.
Qg8# 1-0

[Event "Sparkassen-Open J"]
[Site "Heusenstamm, Martinsee"]
[Date "2021.11.21"]
[Round "7.14"]
[White "Carls, Bela"]
[Black "Sasikumar Anitha, Sarvesh"]
[Result "1-0"]
[WhiteElo "955"]
[BlackElo "995"]
[PlyCount "113"]
[EventDate "2021.??.??"]
[WhiteTeam "Frankfurter TV"]
[BlackTeam "TuS Makkabi"]

1. d4 d5 2. c4 c6 3. Nc3 Bf5 4. Nf3 Nf6 5. Qb3 Qb6 6. Qxb6 axb6 7. cxd5 Nxd5 8.
e4 Nxc3 9. bxc3 Bxe4 10. Ng5 Bg6 11. Bc4 e6 12. O-O Bd6 13. Re1 O-O 14. Ne4 Bc7
15. Bg5 Nd7 16. Rad1 b5 17. Bb3 h6 18. Be7 Rfe8 19. Bb4 Nf6 20. Nc5 Ra7 21. c4
Bd6 22. a3 b6 23. Nd3 Bxb4 24. axb4 bxc4 25. Bxc4 b5 26. Bb3 Raa8 27. Nc5 Nd5
28. Bxd5 exd5 29. Rxe8+ Rxe8 30. h3 Kh7 31. f4 f5 32. Kf2 Bh5 33. Re1 Rxe1 34.
Kxe1 g5 35. Ne6 gxf4 36. Nxf4 Bg6 37. Kf2 Kg7 38. g4 Kf6 39. Kf3 fxg4+ 40. hxg4
Kg5 41. Kg3 h5 42. Nxh5 Bxh5 43. gxh5 Kxh5 44. Kf4 Kh4 45. Ke5 Kg4 46. Kd6 Kf4
47. Kxc6 Ke4 48. Kc5 Kd3 49. Kxd5 Kc3 50. Kc5 Kd3 51. Kxb5 Kxd4 52. Kc6 Kc4 53.
b5 Kb4 54. b6 Ka5 55. b7 Ka6 56. b8=Q Ka5 57. Qb5# 1-0

[Event "Sparkassen-Open J"]
[Site "Heusenstamm, Martinsee"]
[Date "2021.11.21"]
[Round "7.15"]
[White "Schwab, Florentin"]
[Black "Dyroff, Philipp"]
[Result "0-1"]
[WhiteElo "947"]
[BlackElo "993"]
[PlyCount "126"]
[EventDate "2021.??.??"]
[WhiteTeam "SC Aschaffenburg"]
[BlackTeam "SC Aschaffenburg"]

1. e4 e6 2. d4 d5 3. e5 c5 4. c3 Nc6 5. Nf3 Qb6 6. a3 a5 7. Be2 f6 8. exf6 Nxf6
9. O-O cxd4 10. cxd4 Bd6 11. Nc3 O-O 12. Rb1 h6 13. Be3 Bd7 14. Ne5 Qc7 15.
Nxc6 Bxc6 16. h3 Rae8 17. Qd2 e5 18. Nb5 Bxb5 19. Bxb5 Re7 20. Bd3 e4 21. Be2
Ref7 22. Rbc1 Qd7 23. Bd1 Bc7 24. Be2 Qd6 25. Bf4 Qxf4 26. Qxf4 Bxf4 27. Rc2
Ne8 28. Bg4 Kh8 29. Bh5 Rc7 30. Rc3 Rxc3 31. bxc3 Bd2 32. Rd1 Bxc3 33. Rb1 Bxd4
34. Rxb7 Bxf2+ 35. Kh1 Nf6 36. Be2 Bc5 37. Rb1 Bxa3 38. Rd1 Rc8 39. Kh2 Bd6+
40. Kh1 Bf4 41. Bb5 Rc1 42. Rxc1 Bxc1 43. Bc6 Kh7 44. Kg1 Kg6 45. Kf2 d4 46.
Kg3 e3 47. Kf3 d3 48. Bb5 d2 49. Be2 Nd5 50. Ke4 Nc3+ 51. Kxe3 Nxe2 52. Kxe2 a4
53. Kd1 a3 54. h4 a2 55. h5+ Kxh5 56. g4+ Kg6 57. g5 a1=Q 58. gxh6 Qa4+ 59. Ke2
d1=Q+ 60. Kf2 Qf4+ 61. Kg2 Qdg4+ 62. Kh1 Qff3+ 63. Kh2 Bf4# 0-1

[Event "Sparkassen-Open J"]
[Site "Heusenstamm, Martinsee"]
[Date "2021.11.21"]
[Round "7.16"]
[White "Englert, Ann"]
[Black "Belin, Anton"]
[Result "0-1"]
[WhiteElo "992"]
[BlackElo "911"]
[PlyCount "100"]
[EventDate "2021.??.??"]
[WhiteTeam "TV-Großostheim"]
[BlackTeam "SK Bad Homburg"]

1. d4 d5 2. c4 dxc4 3. Nc3 Nc6 4. Nf3 Bf5 5. e4 Bg4 6. h3 Bxf3 7. Qxf3 Nxd4 8.
Qd1 Nf6 9. Bxc4 e5 10. O-O Bc5 11. Be3 Ne6 12. Bxe6 Bxe3 13. Bb3 Bd4 14. Qe2
O-O 15. Rab1 Bxc3 16. bxc3 h6 17. Qd1 Nxe4 18. Qc2 Nd2 19. Rbd1 Nf3+ 20. gxf3
Qg5+ 21. Kh2 Qf4+ 22. Kg2 Rae8 23. Qd2 Qf5 24. Ba4 c6 25. Qd7 Re6 26. Qd3 Rg6+
27. Kh2 Qf6 28. Rg1 Qh4 29. Qe3 Qxa4 30. Rxg6 fxg6 31. Rd2 Qf4+ 32. Qxf4 Rxf4
33. Kg3 b5 34. Re2 Rf5 35. Rd2 Rg5+ 36. Kh2 a5 37. Rd6 Rf5 38. Kg3 Rf6 39. Rd8+
Kf7 40. Rd7+ Kf8 41. Rd8+ Ke7 42. Rg8 Kf7 43. Rd8 Rf4 44. Rc8 Rc4 45. Rc7+ Kg8
46. Rc8+ Kh7 47. Re8 Rxc3 48. Rxe5 Ra3 49. Rc5 Rxa2 50. Rxc6 b4 0-1

[Event "Sparkassen-Open J"]
[Site "Heusenstamm, Martinsee"]
[Date "2021.11.21"]
[Round "7.17"]
[White "Paschedag, Vivien"]
[Black "Plaumann, Finja"]
[Result "1-0"]
[WhiteElo "851"]
[BlackElo "978"]
[PlyCount "107"]
[EventDate "2021.??.??"]
[WhiteTeam "SC Heusenstamm"]
[BlackTeam "SF Heidesheim"]

1. e4 e6 2. d4 d5 3. e5 c5 4. c3 Nc6 5. Nf3 Qb6 6. Be2 c4 7. b3 Na5 8. b4 Nc6
9. O-O Nge7 10. Bg5 Nf5 11. g4 Be7 12. gxf5 Bxg5 13. Nxg5 exf5 14. Bh5 g6 15.
Bf3 Qd8 16. h4 Be6 17. Qd2 h6 18. Nxe6 fxe6 19. h5 g5 20. Kg2 g4 21. Be2 Kd7
22. f3 gxf3+ 23. Bxf3 Qg5+ 24. Qxg5 hxg5 25. Rh1 g4 26. Be2 Rag8 27. Na3 f4 28.
Bd1 f3+ 29. Kg3 Ne7 30. Ba4+ Kc8 31. Bc2 Nf5+ 32. Bxf5 exf5 33. Raf1 Rg5 34. h6
Kd8 35. Kf4 Rg6 36. Kxf5 Rgxh6 37. Rxh6 Rxh6 38. Kxg4 Rh2 39. Rxf3 Rxa2 40. Nb5
a6 41. Nd6 Rg2+ 42. Kh3 Rg6 43. Nxb7+ Kc7 44. Nc5 Kb6 45. e6 Rg8 46. e7 Re8 47.
Rf6+ Kc7 48. Re6 Kc8 49. Kg4 a5 50. bxa5 Kb8 51. Kf5 Kc7 52. Kf6 Kb8 53. Kf7
Rxe7+ 54. Rxe7 1-0

[Event "Sparkassen-Open J"]
[Site "Heusenstamm, Martinsee"]
[Date "2021.11.21"]
[Round "7.18"]
[White "Kollmer, Otto"]
[Black "Biallas, Flynn"]
[Result "0-1"]
[WhiteElo "963"]
[BlackElo "832"]
[PlyCount "46"]
[EventDate "2021.??.??"]
[WhiteTeam "VSG Offenbach"]
[BlackTeam "SK Marburg"]

1. e4 e5 2. Nf3 Nc6 3. d4 exd4 4. Nxd4 Nf6 5. Nc3 Bb4 6. Bc4 O-O 7. Bg5 h6 8.
Bh4 g5 9. Bg3 Nxe4 10. Qd3 Qe8 11. O-O Nxg3 12. fxg3 Bc5 13. Ncb5 Qd8 14. Kh1
Nxd4 15. Nxd4 d5 16. Bb3 c6 17. Rae1 Re8 18. c3 Rxe1 19. Rxe1 Qf6 20. Re8+ Kg7
21. Nf5+ Bxf5 22. Qe2 Bg4 23. Qe1 Rxe8 0-1

[Event "Sparkassen-Open J"]
[Site "Heusenstamm, Martinsee"]
[Date "2021.11.21"]
[Round "7.19"]
[White "von Knorre, Christoph"]
[Black "Meier, Viktoria"]
[Result "1-0"]
[WhiteElo "985"]
[BlackElo "1312"]
[PlyCount "81"]
[EventDate "2021.??.??"]
[WhiteTeam "VSG Offenbach"]
[BlackTeam "Eichstetten"]

1. e4 d6 2. d4 Nf6 3. Nc3 Nbd7 4. e5 dxe5 5. dxe5 Nxe5 6. Qxd8+ Kxd8 7. Bf4 Ng6
8. Bg3 e5 9. O-O-O+ Bd7 10. Nf3 Bd6 11. Bb5 Ke7 12. Rhe1 Bxb5 13. Nxb5 Nd7 14.
Nc3 f6 15. Nd5+ Ke6 16. Nd4+ Kxd5 17. Nf5+ Kc6 18. Nxg7 Rhg8 19. Nf5 Rad8 20.
Re3 Nb6 21. Red3 Ne7 22. Rxd6+ cxd6 23. Nxe7+ Kd7 24. Nxg8 Rxg8 25. Rd3 f5 26.
Bxe5 Rg6 27. g3 Re6 28. Bf4 Nc4 29. b3 Nb6 30. c4 Re2 31. Rxd6+ Ke7 32. Rd2
Re1+ 33. Kc2 Re6 34. Kd3 Kd7 35. Kc3+ Kc6 36. Kb4 Nd7 37. Rd5 Rf6 38. Kc3 Nb6
39. Rd8 Rf7 40. Rd6+ Kc7 41. Rf6+ 1-0

[Event "Sparkassen-Open J"]
[Site "Heusenstamm, Martinsee"]
[Date "2021.11.21"]
[Round "7.20"]
[White "Galea, Luca"]
[Black "Neininger, Pascal"]
[Result "0-1"]
[WhiteElo "860"]
[BlackElo "1036"]
[PlyCount "70"]
[EventDate "2021.??.??"]
[WhiteTeam "VSG Offenbach"]
[BlackTeam "SV Oberursel"]

1. e4 d5 2. e5 Bf5 3. Nf3 e6 4. d3 c5 5. Bg5 f6 6. exf6 Nxf6 7. Ne5 h6 8. Ng6
Bxg6 9. Bf4 Bh5 10. f3 c4 11. dxc4 Bb4+ 12. c3 Ba5 13. b4 Bb6 14. c5 Bc7 15.
Bb5+ Nc6 16. O-O Bxf4 17. Na3 a6 18. Bd3 Nd7 19. c4 Qh4 20. g3 Be3+ 21. Kh1 Qh3
22. Qe2 Bd4 23. Rad1 O-O 24. cxd5 Nde5 25. dxc6 Rxf3 26. Qe4 Rxf1+ 27. Rxf1
Bf3+ 28. Rxf3 g6 29. Rf6 Rf8 30. Rxf8+ Kxf8 31. Qf4+ Kg7 32. Qxd4 Kf6 33. Qf4+
Ke7 34. Qxe5 bxc6 35. Bxg6 Qf1# 0-1